000 00470nam a2200157 4500
999 _c5827
_d5827
008 161122b xxu||||| |||| 00| 0 eng d
022 _a9770118389007
082 _aDPer 641.05 F73 Mar-Jul 2013
100 _917729
_aBautista, Chris
245 _aAs simple as tongs/
_cChris Bautista.
260 _aQuezon City:
_bABS CBN Publishing, Inc.,
_c©2013.
300 _apages 74-75;
_c30 cm.
500 _aFood.
650 0 _917730
_aKitchen utensils
942 _2ddc
_cPER